000 00669nam a2200205Ia 4500
001 16036
003 GE_BSU
008 181216s||||||||xx |||||||||||||| ||und||
040 _cGE_BSU
080 _a821.353.1-92 + 821.353.1-94
100 _aჯიბუტი, ვლადიმერ
245 _aწერილები და მოგონებანი
245 _cრედ.მ.ქოიავა. მხ. სპ.ცინცაძე
260 _aთბილისი
260 _bმერანი
260 _c1973
300 _a210გვ. ; 17სმ
653 _aწერილები და მოგონებანი
942 _cBK
999 _c49126
_d49126